<?xml version="1.0" encoding="UTF-8"?>
<record
    xmlns:xsi="http://www.w3.org/2001/XMLSchema-instance"
    xsi:schemaLocation="http://www.loc.gov/MARC21/slim http://www.loc.gov/standards/marcxml/schema/MARC21slim.xsd"
    xmlns="http://www.loc.gov/MARC21/slim">

  <leader>01792nam a2200277 a 4500</leader>
  <controlfield tag="001">000039281</controlfield>
  <controlfield tag="003">DO-SdBNP</controlfield>
  <controlfield tag="005">20230208105828.0</controlfield>
  <controlfield tag="007">ta</controlfield>
  <controlfield tag="008">130621s2012    dr a          000 0 spa d</controlfield>
  <datafield tag="020" ind1=" " ind2=" ">
    <subfield code="a">9789945472165</subfield>
  </datafield>
  <datafield tag="040" ind1=" " ind2=" ">
    <subfield code="a">DO-SdBNP</subfield>
    <subfield code="b">spa</subfield>
    <subfield code="c">BNPHU</subfield>
  </datafield>
  <datafield tag="082" ind1=" " ind2=" ">
    <subfield code="2">22</subfield>
    <subfield code="a">532.0078</subfield>
    <subfield code="b"> M519hi</subfield>
  </datafield>
  <datafield tag="100" ind1="1" ind2=" ">
    <subfield code="a">Mel&#xE9;ndez Valencia, Mart&#xED;n</subfield>
    <subfield code="9">65476</subfield>
  </datafield>
  <datafield tag="245" ind1="1" ind2="0">
    <subfield code="a">Hidr&#xE1;ulica II :</subfield>
    <subfield code="b">pr&#xE1;cticas de laboratorio /</subfield>
    <subfield code="c">Mart&#xED;n Mel&#xE9;ndez Valencia, Juan Ernesto Castellanos Cunillera.</subfield>
  </datafield>
  <datafield tag="260" ind1=" " ind2=" ">
    <subfield code="a">Santo Domingo :</subfield>
    <subfield code="b">Instituto Tecnol&#xF3;gico de Santo Domingo (INTEC),</subfield>
    <subfield code="c">2012.</subfield>
  </datafield>
  <datafield tag="300" ind1=" " ind2=" ">
    <subfield code="a">100 p. :</subfield>
    <subfield code="b">ils. ;</subfield>
    <subfield code="c">29 cm.</subfield>
  </datafield>
  <datafield tag="500" ind1=" " ind2=" ">
    <subfield code="a">Incluye notas al pie de las p&#xE1;ginas</subfield>
  </datafield>
  <datafield tag="504" ind1=" " ind2=" ">
    <subfield code="a">Bibliograf&#xED;a : p. 99-100</subfield>
  </datafield>
  <datafield tag="505" ind1=" " ind2=" ">
    <subfield code="a">DETERMINACI&#xD3;N DE LA ALTURA TOTAL Y CURVAS DE CARACTER&#xCD;STICAS DE UNA BOMBA CENTR&#xCD;FUGA 25|Determinaci&#xF3;n de la altura de elevaci&#xF3;n total de la bomba 26|Determinaci&#xF3;n de las curvas caracter&#xED;sticas de una bomba centrifuga 31|CONTROL DE NPSH 37|BOMBAS EN SERIE Y EN PARALELO 43|Bombas que operan en serie 44|Bombas que operan en paralelo 46|TURBINA PELTON 49|TEOREMA DE TORRICELLI: FLUJO A TRAV&#xC9;S DE UN ORIFICIO 57|Determinaci&#xF3;n del coeficiente de velocidad desde la trayectoria de un chorro de ca&#xED;da libre 57|Determinaci&#xF3;n del coeficiente de descarga con una carga de fluido constante 63|FLUJO CARACTER&#xCD;STICO SOBRE UN ALIVIADERO DE UNA PRESA 67|FLUJO A TRAV&#xC9;S DE UN SIF&#xD3;N 73|Caracter&#xED;sticas de flujo a trav&#xE9;s de un vertedor de Sif&#xF3;n 73|Caracter&#xED;sticas de flujo a trav&#xE9;s de un sif&#xF3;n regulado por aire 75|Flujo caracter&#xED;stico para una compuerta radial 81</subfield>
  </datafield>
  <datafield tag="590" ind1=" " ind2=" ">
    <subfield code="a">Inventariado, 2023 / DG</subfield>
  </datafield>
  <datafield tag="650" ind1="4" ind2=" ">
    <subfield code="a">Hidr&#xE1;ulica</subfield>
    <subfield code="x">Manuales de laboratorio</subfield>
    <subfield code="9">83090</subfield>
  </datafield>
  <datafield tag="700" ind1="1" ind2=" ">
    <subfield code="a">Castellanos Cunillera, Juan Ernesto</subfield>
    <subfield code="9">65477</subfield>
  </datafield>
  <datafield tag="910" ind1=" " ind2=" ">
    <subfield code="a">DG</subfield>
  </datafield>
  <datafield tag="942" ind1=" " ind2=" ">
    <subfield code="2">ddc</subfield>
    <subfield code="c">LBS1</subfield>
  </datafield>
  <datafield tag="952" ind1=" " ind2=" ">
    <subfield code="0">0</subfield>
    <subfield code="1">0</subfield>
    <subfield code="7">1</subfield>
    <subfield code="8">PD</subfield>
    <subfield code="a">PD</subfield>
    <subfield code="b">PD</subfield>
    <subfield code="c">CT</subfield>
    <subfield code="d">2013-06-21</subfield>
    <subfield code="i">LF1</subfield>
    <subfield code="l">0</subfield>
    <subfield code="o"> </subfield>
    <subfield code="p">39281-10</subfield>
    <subfield code="r">2020-06-25</subfield>
    <subfield code="w">2020-06-25</subfield>
    <subfield code="y">LFPD</subfield>
    <subfield code="Z">No se presta</subfield>
  </datafield>
  <datafield tag="952" ind1=" " ind2=" ">
    <subfield code="0">0</subfield>
    <subfield code="1">0</subfield>
    <subfield code="2">ddc</subfield>
    <subfield code="5">1</subfield>
    <subfield code="7">0</subfield>
    <subfield code="8">PD</subfield>
    <subfield code="a">BNPHU</subfield>
    <subfield code="b">BNPHU</subfield>
    <subfield code="c">CT</subfield>
    <subfield code="d">2023-02-08</subfield>
    <subfield code="l">0</subfield>
    <subfield code="o">BNPHU PD 532.0078  M519hi</subfield>
    <subfield code="p">2023-0772</subfield>
    <subfield code="r">2023-02-08</subfield>
    <subfield code="t">e.2</subfield>
    <subfield code="w">2023-02-08</subfield>
    <subfield code="y">LBS1</subfield>
  </datafield>
  <datafield tag="999" ind1=" " ind2=" ">
    <subfield code="c">38771</subfield>
    <subfield code="d">38771</subfield>
  </datafield>
</record>
